Le récit de vie (notice n° 1925051)
[ vue normale ]
| 000 -LEADER | |
|---|---|
| fixed length control field | 01391cam a2200145 4500500 |
| 005 - DATE AND TIME OF LATEST TRANSACTION | |
| control field | 20260329023138.0 |
| 041 ## - LANGUAGE CODE | |
| Language code of text/sound track or separate title | fre |
| 042 ## - AUTHENTICATION CODE | |
| Authentication code | dc |
| 100 10 - MAIN ENTRY--PERSONAL NAME | |
| Personal name | Bertaux, Daniel |
| Relator term | author |
| 245 00 - TITLE STATEMENT | |
| Title | Le récit de vie |
| 260 ## - PUBLICATION, DISTRIBUTION, ETC. | |
| Name of publisher, distributor, etc. | Armand Colin,<br/> |
| Date of publication, distribution, etc. | 2016.<br/> |
| 520 ## - SUMMARY, ETC. | |
| Summary, etc. | Chaque parcours de vie d’une personne est synthèse de multiples déterminations, d’interactions et des actions de la personne elle-même. Aussi chaque récit d’un parcours de vie contient-il, sous forme narrative, des informations et des significations sur des niveaux très divers de réalité.Comment le sociologue doit-il s’y prendre pour recueillir des récits de vie — et auprès de quelles personnes — afin que chacun contribue à la compréhension de l’objet étudié ? Comment construire cet objet sociologiquement, comment développer l’enquête et la mener à bien, comment y insérer des moments d’observation directe des interactions ? Comment recomposer peu à peu par l’analyse un modèle réaliste de l’objet d’étude, un modèle qui en donne une description analytique et dynamique la plus riche et la plus fidèle possible ? C’est à ces nombreuses questions que répond l’ouvrage, dont la 4e édition a été largement revue. |
| 700 10 - ADDED ENTRY--PERSONAL NAME | |
| Personal name | de Singly, François |
| Relator term | author |
| 856 41 - ELECTRONIC LOCATION AND ACCESS | |
| Uniform Resource Identifier | <a href="https://shs.cairn.info/le-recit-de-vie--9782200601614?lang=fr&redirect-ssocas=7080">https://shs.cairn.info/le-recit-de-vie--9782200601614?lang=fr&redirect-ssocas=7080</a> |
Pas d'exemplaire disponible.




Réseaux sociaux